Statistics for Actors with Alliterative Names

Click here to take the quiz!

General Stats

  • This quiz has been taken 7,088 times
    (7,022 since last reset)
  • The average score is 10 of 20

Answer Stats

Movie or TV ShowActor% Correct
MWayne's WorldMike Myers
82%
DTwinsDanny DeVito
78%
LMean GirlsLindsay Lohan
78%
VWedding CrashersVince Vaughn
69%
AM*A*S*HAlan Alda
68%
CThe Great DictatorCharlie Chaplin
66%
HTwisterHelen Hunt
63%
FCharlie's AngelsFarrah Fawcett
61%
EThe Mighty DucksEmilio Estevez
59%
NCape FearNick Nolte
58%
RThe StingRobert Redford
55%
KAtonementKeira Knightley
47%
SThe Rocky Horror Picture ShowSusan Sarandon
36%
BThe Fabulous Baker BoysBeau Bridges
31%
JMad MenJanuary Jones
28%
TSaved by the BellTiffani Thiessen
23%
GAnna KareninaGreta Garbo
19%
OLittle NickyOzzy Osbourne
13%
ZMemoirs of a GeishaZiyi Zhang
12%
PDazed and ConfusedParker Posey 
10%

Score Distribution

Percentile by Number Answered

Percent of People with Each Score

Your Score History

You have not taken this quiz since the last reset